000 00282nam a22001337a 4500
008 171123b xxu||||| |||| 00| 0 eng d
020 _a0078815002
041 _aeng
080 _a004
100 _a28
101 _aSHK
245 _aANSI C MADE EASY
_cSCHILDT,H
942 _2udc
_cBK
999 _c38383
_d38383